[Event "XXXIV Open"]
[Site "Seville ESP"]
[Date "2009.01.27"]
[Round "5"]
[White "Matamoros Franco,C"]
[Black "Madeira,W"]
[Result "1-0"]
[WhiteElo "2532"]
[BlackElo "2212"]

1.Nf3 Nf6 2.c4 g6 3.g3 Bg7 4.Bg2 O-O 5.Nc3 d6 6.d4 c5 7.O-O Nc6 8.dxc5 dxc5
9.Be3 Qa5 10.Qb3 Ng4 11.Bf4 e5 12.Bd2 Nd4 13.Nxd4 cxd4 14.Ne4 Qc7 15.Rac1 Nf6
16.Nxf6+ Bxf6 17.c5 Re8 18.Qb5 Re6 19.Bd5 Rc6 20.Ba5 Qd7 21.Qc4 Qe7 22.b4 a6
23.a4 Be6 24.b5 axb5 25.axb5 Rcc8 26.Bb6 Qd7 27.Bxe6 Qxe6 28.Qxe6 fxe6 29.Ra1 Bd8
30.Rxa8 Rxa8 31.Bxd8 Rxd8 32.Ra1 Rc8 33.Rc1 Kf7 34.Rc4 Ke7 35.Kf1 g5 36.Ke1 Ra8
37.c6 bxc6 38.Rxc6 e4 39.Rc4 e5 40.Rc6 Ra1+ 41.Kd2 Ra2+ 42.Kd1 Rb2 43.b6 h5
44.Rh6 h4 45.gxh4 gxh4 46.b7 Kd7 47.Rxh4 Kc6 48.Rxe4 Kd5 49.f3 Rxb7 50.Ke1 Rb3
51.Kf2 d3 52.Re3  1-0

[Event "68th ch-GEO"]
[Site "Tbilisi GEO"]
[Date "2009.01.27"]
[Round "10"]
[White "Pantsulaia,L"]
[Black "Bagaturov,G"]
[Result "1-0"]
[WhiteElo "2583"]
[BlackElo "2492"]

1.Nf3 Nf6 2.c4 g6 3.g3 Bg7 4.Bg2 O-O 5.O-O d6 6.d4 Nbd7 7.Nc3 e5 8.h3 c6
9.e4 Qa5 10.Re1 exd4 11.Nxd4 Ne5 12.Bf1 Re8 13.Kg2 a6 14.Bf4 Be6 15.Nxe6 Rxe6
16.Bd2 Rae8 17.Qc2 Qd8 18.Rad1 b5 19.b3 Qa8 20.Bf4 b4 21.Na4 Qb7 22.f3 Qc7
23.Qf2 c5 24.g4 Nfd7 25.Bg3 g5 26.Rd5 Nf6 27.Rd2 Qc6 28.Qe3 h6 29.Red1 Bf8
30.Bd3 Nfd7 31.Rh1 Rf6 32.Be2 Ng6 33.Nb2 Nde5 34.Nd3 Nxd3 35.Rxd3 Nf4+ 36.Bxf4 Rxf4
37.h4 Rexe4 38.fxe4 Rxe4 39.Bf3 Rxe3 40.Rxe3 Qc7 41.hxg5 hxg5 42.Bd5 Kg7
43.Rf3 f6 44.Rfh3 Qa5  1-0

[Event "7th Gibtelecom Masters"]
[Site "Caleta ENG"]
[Date "2009.02.02"]
[Round "7"]
[White "Pavlovic,Milos"]
[Black "Fruebing,S"]
[Result "1-0"]
[WhiteElo "2520"]
[BlackElo "2307"]

1.Nf3 Nf6 2.c4 g6 3.g3 Bg7 4.Bg2 O-O 5.Nc3 d6 6.O-O Nc6 7.d4 a6 8.b3 Rb8
9.Nd5 Nh5 10.Bb2 b5 11.Rc1 Bd7 12.Qd2 b4 13.e4 a5 14.Rfd1 e6 15.Ne3 Ne7 16.e5 dxe5
17.d5 exd5 18.Nxe5 Nf6 19.cxd5 Bb5 20.N5g4 Nxg4 21.Nxg4 Nf5 22.Bxg7 Kxg7
23.Rc5 f6 24.Rdc1 Rf7 25.Be4 Nd6 26.Bf3 Rb7 27.h4 Qf8 28.Qh6+ Kg8 29.Qf4 Kh8
30.Re1 h5 31.Ne3 Re7 32.Rcc1 Rb8 33.Nc2 Rxe1+ 34.Rxe1 Re8 35.Rc1 Nf5 36.Ne3 Re5
37.Rxc7 Nxe3 38.fxe3 Rf5 39.Qe4 Qd6 40.Rc8+ Kg7 41.Bg2 Re5 42.Qd4 Bd7 43.Qc5 Qxc5
44.Rxc5 Bg4 45.e4 f5 46.Kf2 fxe4 47.Ke3 Kf6 48.Rxa5 Kf5 49.Rb5 g5 50.Rxb4 Bf3
51.Bh3+ g4 52.Bf1 Rxd5 53.Rb5  1-0

[Event "7th Gibtelecom Masters"]
[Site "Caleta ENG"]
[Date "2009.02.03"]
[Round "8"]
[White "Hauchard,A"]
[Black "Socko,B"]
[Result "0-1"]
[WhiteElo "2497"]
[BlackElo "2631"]

1.Nf3 Nf6 2.c4 g6 3.g3 Bg7 4.Bg2 O-O 5.O-O d6 6.d4 a6 7.Nc3 Nc6 8.b3 Rb8
9.d5 Na5 10.Bg5 c5 11.dxc6 bxc6 12.Qd2 c5 13.Rac1 Nc6 14.Rfd1 Bb7 15.Bh6 Qa5
16.Bxg7 Kxg7 17.Qb2 Kg8 18.Rd2 Na7 19.Qc2 Rfe8 20.Rcd1 Nc6 21.Qb2 Nd8 22.Qc2 Nc6
23.Qb2 Nb4 24.Ne1 Bxg2 25.Kxg2 Qc7 26.Nc2 Qb7+ 27.Kg1 Ne4 28.Nxe4 Qxe4 29.Nxb4 Rxb4
30.Qa3 a5 31.Qc1 a4 32.Rb2 Reb8 33.Rd3 Qe5 34.Re3 Qf6 35.Rb1 R8b7 36.Qc2 Qf5
37.Qxf5 gxf5 38.Rc3 Ra7 39.Rb2 axb3 40.axb3 Kg7 41.Kg2 Kf6 42.Rd2 Ra3 43.Rdd3 Ra2
44.Kf1 Rb7 45.Rf3 Kg6 46.Rcd3 Rb6 47.h3 h5 48.Rfe3 e6 49.Kg2 Rb2 50.f4 Kf6
51.Kf3 Rb1 52.Rc3 Ra6 53.Red3 Ke7 54.e4 fxe4+ 55.Kxe4 f5+ 56.Ke3 Ra2 57.Rd2 Ra3
58.Rdd3 Rh1 59.h4 Rg1 60.Kf2 Rb1 61.Ke3 Rb2 62.Rd1 Rbxb3  0-1

[Event "80th ch-GER"]
[Site "Saarbruecken GER"]
[Date "2009.02.06"]
[Round "1"]
[White "Buhmann,R"]
[Black "Hirneise,J"]
[Result "1/2-1/2"]
[WhiteElo "2565"]
[BlackElo "2325"]

1.Nf3 Nf6 2.c4 g6 3.g3 Bg7 4.Bg2 O-O 5.O-O d6 6.Nc3 a6 7.d3 c5 8.a3 Nc6 9.Rb1 Rb8
10.b4 cxb4 11.axb4 b5 12.cxb5 axb5 13.Re1 Qc7 14.Bd2 Bd7 15.d4 e5 16.d5 Nd4
17.Rc1 Qb7 18.Ng5 Rfc8 19.e3 Nf5 20.Qb3 h6 21.Nge4 Ne8 22.Ra1 Ne7 23.Ra5 Kh8
24.Rea1 Ra8 25.Ne2 f5 26.N4c3 Nc7 27.e4 Rxa5 28.Rxa5 Ra8 29.Qa3 Rxa5 30.Qxa5 Kh7
31.f3 Bf6 32.Nc1 Nc8 33.Be3 Bd8 34.Bf2 fxe4 35.fxe4 Ne6 36.Qa2 Nd4 37.N3e2 Nxe2+
38.Qxe2 Nb6 39.Nb3 Nc4 40.Nd2 Nxd2 41.Qxd2 Bb6 42.Bxb6 Qxb6+ 43.Qf2  1/2-1/2

[Event "ITT IEP"]
[Site "Curitiba BRA"]
[Date "2009.02.07"]
[Round "7"]
[White "Choma,E"]
[Black "Disconzi da Silva,R"]
[Result "1/2-1/2"]
[WhiteElo "2281"]
[BlackElo "2368"]

1.Nf3 Nf6 2.c4 g6 3.g3 Bg7 4.Bg2 O-O 5.O-O d6 6.d4 Nbd7 7.Nc3 e5 8.e4 exd4
9.Nxd4 Re8 10.Re1 a6 11.Bf4 Ne5 12.b3 Nh5 13.Bxe5  1/2-1/2

[Event "TCh-NED 2008-9"]
[Site "Netherlands NED"]
[Date "2009.02.07"]
[Round "5"]
[White "Ootes,La"]
[Black "Schebler,G"]
[Result "1/2-1/2"]
[WhiteElo "2223"]
[BlackElo "2453"]

1.Nf3 g6 2.c4 Bg7 3.g3 Nf6 4.Bg2 O-O 5.O-O d6 6.Nc3 c6 7.e4 e5 8.h3 a6 9.d4 Nbd7
10.Be3 Re8 11.d5 Qc7 12.Rc1 Rb8 13.b4 c5 14.Qb3 cxb4 15.Qxb4 Nc5 16.Qb1 Bd7
17.Nd2 b6 18.Nb3 Na4 19.Nxa4 Bxa4 20.Nd2 Rec8 21.Rfe1 Be8 22.Bf1 Nd7 23.Nb3 Nc5
24.Nxc5 bxc5 25.Qc2 h5 26.Rb1 Kh7 27.Bd2 Bh6 28.Bc3 h4 29.g4 Bg5 30.Bd3 Bd7  1/2-1/2

[Event "80th ch-GER"]
[Site "Saarbruecken GER"]
[Date "2009.02.09"]
[Round "4"]
[White "Baramidze,D"]
[Black "Zude,E"]
[Result "1/2-1/2"]
[WhiteElo "2548"]
[BlackElo "2397"]

1.c4 g6 2.Nf3 Nf6 3.g3 Bg7 4.Bg2 O-O 5.O-O d6 6.d4 Nc6 7.Nc3 e5 8.d5 Ne7
9.e4 c6 10.b3 cxd5 11.cxd5 Bg4 12.a4 Rc8 13.Bb2 Rxc3 14.Bxc3 Nxe4 15.Bb2 Qd7
16.Qd3 Nc5 17.Qc4 Bxf3 18.Bxf3 e4 19.Bxg7 exf3 20.Qc3 Qh3 21.Qxf3 Kxg7 22.b4 Nd7
23.Qc3+ Nf6 24.Rad1 Rc8 25.Qd4 Nxd5 26.Rfe1 a6 27.Rd2 b5 28.axb5 axb5 29.Qa1 Kg8
30.Qa6 Qd7 31.Red1 Qe6 32.Rd4 Kg7 33.Qa1 Kg8 34.R1d2 h5 35.Kg2 Qe5 36.Qa6 Re8
37.Qc6 Ne7 38.Qxd6 Qxd6 39.Rxd6 Kg7 40.Rb6 Nf5 41.Rxb5 Re1 42.Rb2 h4 43.Rc5 Ne4
44.Rc4 g5 45.g4 Nfd6 46.Rcc2 Nb5 47.Re2 Rxe2 48.Rxe2 Ned6 49.Re5 f6 50.Rc5 Kf7
51.Kf3 Nd4+ 52.Ke3 Ne6 53.Rc6 Ke7 54.Ra6 Kd7 55.Kd3 Nc7 56.Ra5 Ne6 57.Ra6 Nc7
58.Ra5 Ne6 59.Ra6  1/2-1/2

[Event "ch-CZE"]
[Site "Decin CZE"]
[Date "2009.02.16"]
[Round "7"]
[White "Konopka,M"]
[Black "Talla,V"]
[Result "1/2-1/2"]
[WhiteElo "2445"]
[BlackElo "2407"]

1.Nf3 Nf6 2.c4 g6 3.g3 Bg7 4.Bg2 O-O 5.d4 d6 6.Nc3 Nc6 7.O-O a6 8.b3 Rb8
9.Nd5 Bg4 10.Bb2 Nxd5 11.cxd5 Nb4 12.Ne1 c6 13.h3 Bd7 14.e4 cxd5 15.exd5 e6
16.dxe6 Bxe6 17.Qd2 Nd5 18.Nf3 h6 19.Rfe1 Qd7 20.Kh2  1/2-1/2

[Event "Masters"]
[Site "Bunratty IRL"]
[Date "2009.02.21"]
[Round "2"]
[White "Tsaboshvili,L"]
[Black "McCabe,D"]
[Result "1-0"]
[WhiteElo "2014"]
[BlackElo "2009"]

1.c4 Nf6 2.Nf3 g6 3.g3 Bg7 4.Bg2 O-O 5.Nc3 d6 6.d4 c6 7.O-O Nbd7 8.Bf4 Nh5
9.Bg5 h6 10.Be3 Nhf6 11.Qc2 e5 12.dxe5 dxe5 13.Rad1 Qc7 14.b3 Re8 15.Bc1 Nc5
16.Ba3 Bf5 17.Qc1 b6 18.Bxc5 bxc5 19.Nh4 Bg4 20.h3 Be6 21.Qe3 e4 22.Nxe4 Nxe4
23.Qxe4 Bxh3 24.Qxc6 Qxc6 25.Bxc6 Bxf1 26.Rxf1 Rac8 27.Bxe8 Rxe8 28.e3 Rd8
29.Nf3 g5 30.Rc1 g4 31.Nh2 h5 32.Rc2 Rd1+ 33.Kg2 a5 34.Nf1 f5 35.Rd2 Rxd2
36.Nxd2 Kf7 37.Kf1 Ke6 38.Ke2 Bf6 39.Kd3 h4 40.gxh4 Bxh4 41.Ke2 Bf6 42.Nf1 Ke5
43.Ng3 f4 44.exf4+ Kxf4 45.Nh5+ Kf5 46.Nxf6 Kxf6 47.Kf1 Ke5 48.Kg2 Kd4 49.Kg3 Kc3
50.Kxg4 Kb2  1-0

[Event "81st ch-StP"]
[Site "St Petersburg RUS"]
[Date "2009.02.26"]
[Round "10"]
[White "Kosov,Iv"]
[Black "Solovjov,S"]
[Result "0-1"]
[WhiteElo "2383"]
[BlackElo "2410"]

1.c4 Nf6 2.Nf3 g6 3.g3 Bg7 4.Bg2 O-O 5.O-O d6 6.Nc3 e5 7.d3 Nc6 8.Rb1 a5
9.Bg5 h6 10.Bxf6 Bxf6 11.a3 Bg7 12.b4 axb4 13.axb4 f5 14.Nd5 Ne7 15.Nd2 c6
16.Nxe7+ Qxe7 17.b5 Qc7 18.Qb3 Be6 19.bxc6 bxc6 20.Qb6 Rfc8 21.Qxc7 Rxc7
22.Rb6 Ra2 23.Rd1 Bd7 24.Kf1 Kf7 25.e3 Ke7 26.Ke2 c5 27.Rb7 Rxb7 28.Bxb7 Ba4
29.e4 Bxd1+ 30.Kxd1 h5 31.Ke1 Bh6 32.Nf3 Bc1 33.exf5 gxf5 34.Nh4 Kf6 35.Bc8 f4
36.Nf5 e4 37.dxe4 Ke5 38.Bb7 Bd2+ 39.Kd1 Bb4 40.Nh4 Rxf2 41.Ng6+ Kd4 42.Nxf4 Rd2+
43.Kc1 Rxh2 44.Bd5 Bd2+ 45.Kd1 Bxf4 46.gxf4 h4  0-1

[Event "10th EICC w"]
[Site "St Petersburg RUS"]
[Date "2009.03.08"]
[Round "1"]
[White "Minina,V"]
[Black "Motoc,A"]
[Result "0-1"]
[WhiteElo "2125"]
[BlackElo "2358"]

1.Nf3 Nf6 2.g3 g6 3.Bg2 Bg7 4.c4 O-O 5.O-O d6 6.d4 c6 7.Nc3 a6 8.e4 Nfd7
9.Re1 b5 10.e5 bxc4 11.e6 fxe6 12.Ng5 Nf6 13.Bh3 Qa5 14.Bxe6+ Bxe6 15.Nxe6 Rf7
16.Qe2 Qh5 17.Qxh5 Nxh5 18.Ng5 Rf8 19.Ne6 Rc8 20.g4 Nf6 21.Nxg7 Kxg7 22.Rxe7+ Kf8
23.Re6 Kf7 24.Rxd6 Ra7 25.Bg5 Ne8 26.Ne4 Re7 27.Rf6+ Nxf6 28.Nd6+ Kg7 29.Nxc8 Re4
30.f3 Rxd4 31.Re1 Nd5 32.Ne7 h6 33.Bh4 Rd2 34.Bg3 Nd7 35.Nxc6 Rxb2 36.Ne5 N7b6
37.Rc1 c3 38.Nd3 Rxa2 39.Be5+ Kh7 40.Bd4 Rd2 41.Bxb6 Rxd3 42.Ba5 Nf4 43.Rc2 Rd5
44.Bb4 a5 45.Bxc3 Rc5 46.Ra2 Rxc3 47.Rxa5 Rxf3 48.g5 hxg5  0-1

[Event "10th EICC"]
[Site "Budva MNE"]
[Date "2009.03.11"]
[Round "6"]
[White "Macieja,B"]
[Black "Dembo,Y"]
[Result "1/2-1/2"]
[WhiteElo "2607"]
[BlackElo "2456"]

1.Nf3 Nf6 2.c4 g6 3.g3 Bg7 4.Bg2 O-O 5.O-O d6 6.Nc3 Nc6 7.Rb1 e5 8.d3 a5
9.a3 h6 10.b4 axb4 11.axb4 Be6 12.Nd2 Rb8 13.Nd5 Nh5 14.b5 Ne7 15.Nb3 Nxd5
16.cxd5 Bd7 17.Na5 Ra8 18.Bd2 b6 19.Nc6 Qe8 20.Qc2 f5 21.Ra1 Qf7 22.Na7 e4
23.Ra3 exd3 24.Qxd3 g5 25.Nc6 Rxa3 26.Qxa3 Re8 27.Qd3 Nf6 28.Ra1 Qh5 29.Bf3 Ng4
30.Bxg4 Qxg4 31.f3 Qh3 32.Ra7 f4 33.Be1 Bf5 34.Qc4 g4 35.Bf2 fxg3 36.hxg3 Qh5
37.Rxc7 gxf3 38.Ne7+ Kh8 39.exf3 Qxf3 40.Nxf5 Qxf5 41.Qc2 Qg4 42.Rc4 Qf3
43.Rc8 Rxc8 44.Qxc8+ Kh7 45.Qc2+ Kg8 46.Qc8+ Kh7 47.Qb7 Kg6 48.Qxb6 Qd1+
49.Kh2 Qh5+ 50.Kg1 Qd1+ 51.Kh2 Qh5+ 52.Kg1 Qd1+ 53.Kh2 Qh5+  1/2-1/2

[Event "10th EICC"]
[Site "Budva MNE"]
[Date "2009.03.12"]
[Round "7"]
[White "Lubczynski,R"]
[Black "Pavlidis,Ant"]
[Result "1-0"]
[WhiteElo "2423"]
[BlackElo "2278"]

1.Nf3 Nf6 2.c4 g6 3.g3 Bg7 4.Bg2 O-O 5.O-O d5 6.cxd5 Nxd5 7.d4 Nc6 8.Nc3 Nb6
9.e3 e5 10.d5 Ne7 11.e4 h6 12.Qe2 c6 13.Rd1 cxd5 14.exd5 Nf5 15.a4 Nd4 16.Nxd4 exd4
17.Nb5 Re8 18.Qf3 Bf5 19.d6 Bc2 20.Rf1 Bxa4 21.Nc7 Bc6 22.Qb3 Bxg2 23.Kxg2 Qxd6
24.Nxe8 Rxe8 25.Rxa7 d3 26.Be3 Bd4 27.Qb5 Rd8 28.Qxd3 Qc6+ 29.Kg1 Bf6 30.Qb3 Nc4
31.Qxb7 Qe6 32.Ra6 Qf5 33.Qc6 Nd6 34.Rd1 Be5 35.Ra8 Rxa8 36.Qxa8+ Kh7 37.Qf8 Qe6
38.Qxh6+ Kg8 39.Qh4 Nf5 40.Rd8+  1-0

[Event "10th EICC w"]
[Site "St Petersburg RUS"]
[Date "2009.03.12"]
[Round "5"]
[White "Demina,J"]
[Black "Balaian,Ali"]
[Result "1-0"]
[WhiteElo "2361"]
[BlackElo "2037"]

1.Nf3 Nf6 2.c4 g6 3.g3 Bg7 4.Bg2 O-O 5.O-O d6 6.d4 Nc6 7.Nc3 a6 8.Bf4 Nh5
9.Be3 f5 10.d5 Na5 11.c5 Nc4 12.Bd4 dxc5 13.Bxc5 Nxb2 14.Qb3 Bxc3 15.d6+ e6
16.dxc7 Qd5 17.Bxf8 Qxb3 18.axb3 Kxf8 19.Ng5 Ng7 20.Rfc1 Be5 21.Ra5 Bd4 22.Nf3 Bf6
23.Ne5 Ra7 24.f4 b6 25.Ra2 Be7 26.Rb1 Bc5+ 27.Kh1 Rxc7 28.Raxb2 Bd4 29.Rd2 Bc3
30.Rd6 b5 31.Rc6 Rxc6 32.Bxc6 b4 33.Rd1 Ke7 34.Nc4 a5 35.Nxa5 Nh5 36.Bf3 Ba6
37.Nc6+ Kf8 38.Rd8+ Kg7 39.Rb8 e5 40.fxe5 f4 41.g4  1-0

[Event "3rd Georgi Agzamov Mem"]
[Site "Tashkent AZE"]
[Date "2009.03.23"]
[Round "8"]
[White "Zhumabayev,R"]
[Black "Khoroshev,N"]
[Result "1-0"]
[WhiteElo "2520"]
[BlackElo "2175"]

1.Nf3 Nf6 2.c4 g6 3.g3 Bg7 4.Bg2 O-O 5.O-O d6 6.d4 Nc6 7.Nc3 Bf5 8.b3 Ne4
9.Nd5 Bd7 10.Bb2 f5 11.Nc3 e6 12.Rc1 Ne7 13.b4 Rb8 14.Qb3 Bh6 15.Rcd1 Qe8
16.b5 g5 17.Nxe4 fxe4 18.Nd2 d5 19.cxd5 Bxb5 20.dxe6 Ba4 21.Qe3 Bxd1 22.Rxd1 Qb5
23.Ba1 Nd5 24.Qxe4 Nf6 25.Qe5 Qa4 26.Rf1 Qxa2 27.e7 Rf7 28.Ne4  1-0

[Event "10th TCh-RUS w"]
[Site "Dagomys RUS"]
[Date "2009.04.04"]
[Round "3"]
[White "Kovalevskaya,E"]
[Black "Cmilyte,V"]
[Result "0-1"]
[WhiteElo "2450"]
[BlackElo "2498"]

1.Nf3 Nf6 2.c4 g6 3.g3 Bg7 4.Bg2 O-O 5.O-O d5 6.d4 dxc4 7.Na3 Nc6 8.Nxc4 Be6
9.b3 a5 10.Bb2 Bd5 11.Rc1 Qc8 12.Nfe5 Bxg2 13.Kxg2 Nxe5 14.dxe5 Rd8 15.Nb6 Qb8
16.exf6 Rxd1 17.Rfxd1 Bxf6 18.Nd7 Qa7 19.Nxf6+ exf6 20.Rxc7 Qa6 21.Rd2 b5
22.Rdd7 Rf8 23.Bd4 Qe6 24.e3 h5 25.f3 a4 26.Re7 Qd6 27.bxa4 bxa4 28.Red7 Qe6
29.a3 Qa2+ 30.Kh3 Qe2 31.f4 g5  0-1

[Event "TCh-HUN 2008-9"]
[Site "Kazincbarcika HUN"]
[Date "2009.04.05"]
[Round "10"]
[White "Hardicsay,P"]
[Black "Veroci,Z"]
[Result "1/2-1/2"]
[WhiteElo "2284"]
[BlackElo "2270"]

1.Nf3 Nf6 2.c4 g6 3.g3 Bg7 4.Bg2 O-O 5.O-O d6 6.d4 Nc6 7.Nc3 a6 8.h3 Rb8
9.Be3 b5 10.b3 Bd7 11.Rc1  1/2-1/2

[Event "11th European Senior Team"]
[Site "Velden AUT"]
[Date "2009.04.08"]
[Round "4"]
[White "Sorensen,B"]
[Black "Malmdin,N"]
[Result "1/2-1/2"]
[WhiteElo "2194"]
[BlackElo "2260"]

1.Nf3 g6 2.g3 Bg7 3.Bg2 Nf6 4.c4 O-O 5.Nc3 d6 6.O-O Nc6 7.Rb1 a5 8.a3 e5
9.d3 h6 10.b4 axb4 11.axb4 Re8 12.Ne1 Nh5 13.e3 f5 14.Nd5 Kh7 15.Bb2 Ne7
16.Nxe7 Qxe7 17.Ra1 Rxa1 18.Qxa1 c6 19.Nc2 Be6 20.b5 e4 21.bxc6 bxc6 22.Bxg7  1/2-1/2

[Event "ArcelorMittal Open"]
[Site "Frydek Mistek CZE"]
[Date "2009.04.09"]
[Round "1"]
[White "Kovar,Ja2"]
[Black "Bacon,N"]
[Result "0-1"]
[WhiteElo "1866"]
[BlackElo "2186"]

1.Nf3 Nf6 2.g3 g6 3.Bg2 Bg7 4.c4 O-O 5.d4 d6 6.Nc3 Nc6 7.O-O Rb8 8.e4 Bg4
9.Be3 Re8 10.h3 Bxf3 11.Bxf3 e5 12.d5 Nd4 13.Bg2 c5 14.Bg5 Qa5 15.Bxf6 Bxf6
16.h4 Qb4 17.Rb1 Qxc4 18.Re1 Qb4 19.a3 Qa5 20.Ne2 b5 21.Nxd4 exd4 22.f4 c4
23.f5 d3 24.fxg6 Qb6+ 25.Kh2 hxg6 26.Qf3 Be5 27.Rf1 Re7 28.h5 Kg7 29.Bh3 Qd4
30.hxg6 fxg6 31.Be6 a5 32.Kg2 b4 33.Qg4 Qe3 34.Rf2 bxa3 35.Qh4 Qxg3+ 36.Qxg3 Bxg3
37.Kxg3 Rxb2 38.Ra1 c3 39.Kf3 Rxf2+ 40.Kxf2 c2 41.Ke3 Rb7 42.Kxd3 Rb1 43.Kxc2 Rxa1
44.e5 dxe5  0-1

[Event "16th TCh-RUS Premier"]
[Site "Dagomys RUS"]
[Date "2009.04.10"]
[Round "7"]
[White "Alekseev,Evgeny"]
[Black "Levin,Ev"]
[Result "1-0"]
[WhiteElo "2716"]
[BlackElo "2456"]

1.Nf3 Nf6 2.c4 g6 3.g3 Bg7 4.Bg2 O-O 5.O-O d6 6.d4 Nc6 7.Nc3 Rb8 8.Bf4 Bf5
9.Rc1 Re8 10.d5 Na5 11.e4 Bg4 12.b3 c5 13.h3 Bxf3 14.Bxf3 Nd7 15.Be2 a6 16.Kg2 Rf8
17.Qd2 Nf6 18.Qe3 Ne8 19.h4 Bd4 20.Qd2 e5 21.Bh6 Ng7 22.Bd3 b6 23.Ne2 Nb7
24.f4 f6 25.h5 gxh5 26.Rh1 Qe8 27.Rh4 Nd8 28.Rch1 Rb7 29.g4 Kh8 30.Ng3 exf4
31.Bxf4 Be5 32.gxh5 Bxf4 33.Qxf4 Qe5 34.Rf1 Re7 35.Be2 Ne8 36.h6 Nf7 37.Bh5 Ng5
38.Qxe5 dxe5 39.Bxe8 Rexe8 40.Nh5 f5 41.Rxf5 Rxf5 42.exf5 e4 43.Nf6 Re5 44.d6 Rxf5
45.d7  1-0

[Event "Open"]
[Site "Lenk SUI"]
[Date "2009.04.12"]
[Round "6"]
[White "Kaufmann,W"]
[Black "Rufener,M"]
[Result "1/2-1/2"]
[WhiteElo "2253"]
[BlackElo "2329"]

1.c4 Nf6 2.Nf3 g6 3.g3 Bg7 4.Bg2 O-O 5.O-O d6 6.Nc3 e5 7.d3 Nc6 8.Rb1 a5
9.a3 h6 10.b4 axb4 11.axb4 Be6 12.b5 Ne7 13.Nd2 Rb8 14.Ba3 Qd7 15.c5 Bh3
16.cxd6 cxd6 17.Nde4 Bxg2 18.Nxf6+ Bxf6 19.Kxg2 d5 20.Bxe7 Bxe7 21.e4 dxe4
22.dxe4 Qxd1 23.Rfxd1 Rfd8 24.Nd5 Kf8 25.Rdc1 Rbc8 26.Nb6 Rc5 27.Rxc5 Bxc5
28.Nd5 Ra8 29.Rb2 Bd4 30.Rc2 b6 31.f3 Ra5 32.Rc8+ Kg7 33.Nc7 Ra2+ 34.Kh1 Ra1+
35.Kg2 Ra2+ 36.Kh1 Rb2 37.Ne8+ Kf8 38.Nf6+ Kg7 39.Ne8+ Kf8 40.Nf6+ Ke7 41.Nd5+  1/2-1/2

[Event "V ch-South America U20"]
[Site "Cochabamba BOL"]
[Date "2009.04.13"]
[Round "9"]
[White "Macias Murillo,B"]
[Black "Diaz Ordonez,C"]
[Result "1/2-1/2"]
[WhiteElo "2299"]
[BlackElo "2347"]

1.Nf3 Nf6 2.g3 g6 3.Bg2 Bg7 4.c4 O-O 5.d4 d6 6.Nc3 Nc6 7.O-O Bf5 8.h3 Ne4
9.Nd5 Na5 10.Qa4 c5 11.Nxe7+ Qxe7 12.Qxa5 cxd4 13.Bf4 Rfc8 14.Rac1 Rc5 15.Qa3 g5
16.Bd2 Nxd2 17.Nxd2 Re5 18.Qf3 Bg6 19.Rfe1 Re8 20.Kf1 d3 21.e4 f5 22.Qxd3 fxe4
23.Qe3 h5 24.Nb3 g4 25.hxg4 hxg4 26.Qxa7 Bh6 27.Rc3 e3 28.fxe3 Bxe3 29.Rcxe3 Rxe3
30.Qxe3 Qxe3 31.Rxe3 Rxe3 32.Kf2 Re7 33.Nd4 Be4 34.Bf1 Rf7+ 35.Ke1 Rh7 36.Be2 Rh2
37.b3 Rg2 38.Bxg4 Rxg3 39.Be6+ Kg7 40.Bf5 Bc6 41.Bc2 Kf6 42.Kd2 Ke5 43.Ne2 Rh3
44.a4 Be4 45.Bxe4 Kxe4 46.Nc3+ Kd4 47.Nb5+ Kc5 48.Kc2 Rg3 49.Kb2 Kb4 50.Nd4 Rg2+
51.Nc2+ Kc5 52.Kc3 Rg3+ 53.Kb2 d5 54.cxd5 Kxd5 55.Ka3 Ke4 56.Nb4 Kd4 57.Na2 Kd3
58.Nb4+ Kc3 59.Na2+ Kc2 60.Nb4+ Kb1 61.Na2 Rh3 62.Nb4 Rg3 63.Na2 Rd3 64.Nb4 Rd2
65.a5 Rh2 66.Ka4 Rh4 67.Ka3 Rh6 68.Nd3  1/2-1/2

[Event "ArcelorMittal Open"]
[Site "Frydek Mistek CZE"]
[Date "2009.04.13"]
[Round "9"]
[White "Klecker,T"]
[Black "Svana,P"]
[Result "0-1"]
[WhiteElo "2124"]
[BlackElo "2236"]

1.Nf3 Nf6 2.c4 g6 3.g3 Bg7 4.Bg2 O-O 5.O-O d5 6.cxd5 Nxd5 7.d4 Nb6 8.Nc3 Nc6
9.d5 Na5 10.e4 c6 11.dxc6 Nxc6 12.Qe2 Bg4 13.Be3 e5 14.Rfd1 Nd4 15.Bxd4 exd4
16.h3 Be6 17.e5 Bc4 18.Qe4 d3 19.b3 Ba6 20.Bf1 f5 21.Qe3 f4 22.gxf4 Bh6 23.Ng5 Rc8
24.Bxd3 Rxc3 25.Bc4+ Nxc4 26.Qxc3 Qe7 27.bxc4 Rxf4 28.Nf3 Qe6 29.Kg2 Bxc4
30.Rd8+ Bf8 31.Rd4 Rxd4 32.Qxd4 Bxa2 33.Qxa7 Bd5 34.Qd4 Qf7 35.Qg4 b5 36.Re1 b4
37.e6 Qf6 38.Rd1 Bxe6 39.Qh4 Qf5 40.Qg4 Qxg4+ 41.hxg4 Bxg4 42.Rb1 Bf5 43.Rb2 Be4
44.Re2 Bb7 45.Re3 Bc5 46.Re8+ Kf7 47.Rb8 Be4 48.Rc8 Bd6 49.Rc4 Bd5 50.Rd4 Ke6
51.Rd3 b3 52.Kg1 Bxf3 53.Rxf3 b2 54.Rb3 Be5 55.Kf1 Kd5 56.Ke2 Kc4 57.Rb6 Kc3
58.Rc6+ Kb3 59.Rb6+ Kc2 60.Rc6+ Bc3  0-1

[Event "PWC Open"]
[Site "Toronto CAN"]
[Date "2009.04.17"]
[Round "1"]
[White "Sundar,A"]
[Black "Sambuev,B"]
[Result "0-1"]
[WhiteElo "2093"]
[BlackElo "2498"]

1.c4 Nf6 2.Nf3 g6 3.g3 Bg7 4.Bg2 O-O 5.O-O d6 6.Nc3 e5 7.d3 Nc6 8.Rb1 a5
9.a3 h6 10.b4 axb4 11.axb4 Be6 12.Nd2 d5 13.b5 Na5 14.Ba3 Re8 15.Bb4 c6 16.Bxa5 Qxa5
17.Qc2 Qc7 18.Rfc1 d4 19.Na4 c5 20.b6 Qe7 21.Ra1 Bd7 22.Nb2 Qd6 23.Nd1 Bc6
24.f3 Nd7 25.Qb3 f5 26.Nf2 h5 27.Ra7 Bh6 28.Rca1 Rab8 29.Nf1 h4 30.R1a2 hxg3
31.hxg3 Kg7 32.Qb1 Rh8 33.Rb2 Nf6 34.Qe1 Rbe8 35.Raa2 e4 36.f4 e3 37.Nh3 Bxg2
38.Kxg2 Qc6+ 39.Kg1 Bxf4  0-1

[Event "11th Dubai Open"]
[Site "Dubai UAE"]
[Date "2009.04.29"]
[Round "4"]
[White "Pantsulaia,L"]
[Black "El Taher,F"]
[Result "1-0"]
[WhiteElo "2581"]
[BlackElo "2488"]

1.Nf3 Nf6 2.c4 g6 3.g3 Bg7 4.Bg2 O-O 5.O-O c5 6.Nc3 Nc6 7.d4 d6 8.dxc5 dxc5
9.Be3 Be6 10.Qa4 Nd4 11.Rac1 Ng4 12.Bxd4 cxd4 13.Nd5 Bd7 14.Qb3 e6 15.Nb4 Qc7
16.h3 Nh6 17.Rfd1 a5 18.Nc2 a4 19.Qa3 Qxc4 20.Ncxd4 Qa6 21.e4 Rfd8 22.Qe3 e5
23.Ne2 Be6 24.Nc3 f6 25.Bf1 Qa5 26.Nd5 Bxd5 27.Rxd5 Qb4 28.Rb5 Qe7 29.Qc5 Rd7
30.Qxe7 Rxe7 31.Bc4+ Nf7 32.Bd5 Ra7 33.Rb6 Kf8 34.Rc8+ Re8 35.Rxe8+ Kxe8
36.Bxb7 Nd6 37.Bd5 Kd7 38.Ne1 f5 39.f3 Bh6 40.Kf2 a3 41.Nd3 axb2 42.Nxe5+ Kc7
43.Rxb2 Ra3 44.Rc2+ Kd8 45.Nc6+ Ke8 46.e5 Be3+ 47.Kf1 Nc8 48.Ke2 f4 49.g4 Bb6
50.Bb3 Ne7 51.Nxe7 Kxe7 52.Rc6  1-0

[Event "2nd Mayors Cup"]
[Site "Mumbai IND"]
[Date "2009.05.02"]
[Round "2"]
[White "Panchanathan,M"]
[Black "Raghavendra,V"]
[Result "1-0"]
[WhiteElo "2462"]
[BlackElo "2111"]

1.Nf3 Nf6 2.g3 g6 3.Bg2 Bg7 4.c4 O-O 5.Nc3 d5 6.cxd5 Nxd5 7.d4 c5 8.O-O cxd4
9.Nxd4 Nxc3 10.bxc3 Qc7 11.Qb3 Nc6 12.Nxc6 bxc6 13.Bf4 Qa5 14.Rac1 Be6 15.Qb4 Qxa2
16.Bxc6 Rac8 17.Bb7 a5 18.Qxe7 Rfe8 19.Qd6 g5 20.Be5  1-0

[Event "ch-LTU"]
[Site "Vilnius LTU"]
[Date "2009.05.03"]
[Round "2"]
[White "Zickus,S"]
[Black "Cmilyte,V"]
[Result "0-1"]
[WhiteElo "2307"]
[BlackElo "2498"]

1.Nf3 Nf6 2.c4 g6 3.g3 Bg7 4.Bg2 O-O 5.O-O d5 6.cxd5 Nxd5 7.d4 Nb6 8.Nc3 Nc6
9.e3 Re8 10.Re1 a5 11.a4 e5 12.d5 Nb4 13.e4 c6 14.Bg5 f6 15.Be3 cxd5 16.Bxb6 Qxb6
17.Nxd5 Nxd5 18.Qxd5+ Be6 19.Qb5 Qxb5 20.axb5 Bf8 21.Rec1 Rec8 22.Bf1 Bb4
23.Bd3 Bb3 24.Kf1 Kf7 25.Ke2 Ke7 26.Nd2 Be6 27.Nc4 Rc5 28.Ne3 b6 29.Bc4 Rd8
30.Nd5+ Bxd5 31.Bxd5 Rxb5 32.Rc7+ Rd7 33.Rc6 Rd6 34.Rc7+ Rd7 35.Rc6 Bd6 36.b3 Rd8
37.Rd1 Rb4 38.Rdc1 Kd7 39.h4 h5 40.R1c3 Ke7 41.Rc8 b5 42.R3c6 Rxc8 43.Rxc8 a4
44.bxa4 bxa4 45.Rc2 a3 46.Kd3 Rb1 47.Kc4 g5 48.Kd3 gxh4 49.gxh4 Rh1 50.Rc8 Rxh4
51.Ra8 Rh2 52.Ra7+ Kd8 53.Be6 Bc5 54.Ra5 Ke7 55.Bf5 Kd6 56.Kc4 Bxf2 57.Ra6+ Ke7
58.Rxa3 Rh1 59.Kd3 h4 60.Ke2 Bg3 61.Kf3 Bf4 62.Kg4 Bg5 63.Rd3 Ra1 64.Kh3 Ra4
65.Rd7+ Ke8 66.Rd3 Rd4 67.Ra3 Ke7 68.Kg4 Kd6 69.Kh3 Kc5 70.Rc3+ Kb4 71.Rf3 Rd2
72.Be6 Kc5 73.Ra3 Kd4 74.Bf5 Rf2 75.Bg6 Rf4 76.Ra4+ Kd3 77.Ra3+ Kd2 78.Ra2+ Kc1
79.Ra3 Kb2 80.Rd3 Kc2 81.Ra3 Bh6 82.Ra2+ Kb3 83.Re2 Bf8 84.Rg2 Bh6 85.Re2 Kc3
86.Ra2 Bg5 87.Ra3+ Kc2 88.Bh7 Rf1 89.Kg2 Re1 90.Bf5 Kd2 91.Ra2+ Kc3 92.Ra3+ Kb4
93.Ra2 Bf4 94.Rb2+ Kc3 95.Ra2 Bg3 96.Kf3 Rf1+ 97.Kg2 Rxf5 98.exf5 e4 99.Ra4 Kd3
100.Ra3+ Kd4 101.Ra5 Ke3 102.Ra6 Be5 103.Kh3 Kf3 104.Re6 Kf4 105.Ra6 e3 106.Kg2 h3+
107.Kf1 h2 108.Kg2 e2  0-1

[Event "Copenhagen Chess Challenge"]
[Site "Ballerup DEN"]
[Date "2009.05.10"]
[Round "9"]
[White "De Verdier,M"]
[Black "Bekker Jensen,Da"]
[Result "1/2-1/2"]
[WhiteElo "2229"]
[BlackElo "2330"]

1.Nf3 Nf6 2.c4 g6 3.g3 Bg7 4.Bg2 O-O 5.O-O d6 6.Nc3 e5 7.d3 Nc6 8.Rb1 a5
9.a3 Bf5 10.Nd2 Qd7 11.b4 axb4 12.axb4 Bh3 13.b5 Bxg2 14.Kxg2 Nd4 15.e3 Ne6
16.Nf3 Rfe8 17.Bb2 Nc5 18.d4 exd4 19.exd4 Nce4 20.Qd3 Nxc3 21.Bxc3 Ne4  1/2-1/2